[Event "Challenge"]
[Site "http://www.queenalice.com/game.php?id=494276"]
[Date "2008.11.16"]
[Round "-"]
[White "Robersonsa"]
[Black "fernandes_igor"]
[Result "1-0"]
[WhiteElo "1126"]
[BlackElo "1226"]

1. e4 d5 2. exd5 Qxd5 3. c4 Qe4+ 4. Ne2 Qxc4 5. b3 Qe6 6. d4 Nf6 7. Nc3 b6 8. d5
Qe5 9. Bb2 Bf5 10. h3 c6 11. dxc6 Nxc6 12. f4 Qe6 13. Nb5 Rd8 14. Qc1 Na5 15.
Nc7+ Kd7 16. Nxe6 fxe6 17. Qc3 Ne4 18. Qf3 Ke8 19. Nd4 g6 20. Nxe6 Rg8 21. Bb5+
Kf7 22. Nxd8# 1-0

[Event "Challenge"]
[Site "http://www.queenalice.com/game.php?id=498127"]
[Date "2008.11.25"]
[Round "-"]
[White "fernandes_igor"]
[Black "stephancharette"]
[Result "1-0"]
[WhiteElo "1212"]
[BlackElo "1459"]

1. d4 Nf6 2. Nf3 d6 3. g3 Nc6 4. c3 e5 5. dxe5 Nxe5 6. e4 Nxe4 7. Nxe5 Qe7 8.
Bb5+ Kd8 9. Bf4 Qe6 10. Nf3 Bd7 11. Bd3 Nxc3+ 12. Qe2 Nxe2 13. Bxe2 Bc6 14. Nd4
Bxh1 15. Nxe6+ Ke8 16. Nxc7+ Ke7 17. Nxa8 b6 18. Nc7 Kd8 19. Na6 Bb7 20. Nb4 a5
21. Nc2 g6 22. Nc3 f6 23. O-O-O Kd7 24. Nb5 Bc6 25. Na7 g5 26. Be3 Bh6 27. Nd4
Re8 28. Bg4+ 1-0

[Event "Challenge"]
[Site "http://www.queenalice.com/game.php?id=498129"]
[Date "2008.11.25"]
[Round "-"]
[White "fernandes_igor"]
[Black "giraldes"]
[Result "0-1"]
[WhiteElo "1285"]
[BlackElo "1441"]

1. d4 d5 2. Nc3 Nf6 3. Nf3 Bg4 4. Ne5 e6 5. f3 Bf5 6. g4 Bg6 7. e4 Bb4 8. a3
Bxc3+ 9. bxc3 Nc6 10. Bb5 O-O 11. Bxc6 bxc6 12. Nxc6 Qd6 13. Ne5 dxe4 14. Bg5
Nd5 15. fxe4 Bxe4 16. O-O Nxc3 17. Qd2 Ne2+ 18. Qxe2 Qxd4+ 19. Be3 Qxe5 20. Rf4
Qxa1+ 21. Rf1 Qxa3 22. h4 Qe7 23. g5 Rad8 24. Qh5 Bg6 25. Qg4 Qa3 26. Bf4 Qc5+
27. Kh1 Be4+ 28. Kh2 Qxc2+ 29. Kh3 Rd3+ 30. Bg3 Bg2+ 31. Kh2 Bxf1+ 32. Kg1 Qg2#
0-1

[Event "Challenge"]
[Site "http://www.queenalice.com/game.php?id=498130"]
[Date "2008.11.25"]
[Round "-"]
[White "fernandes_igor"]
[Black "giraldes"]
[Result "0-1"]
[WhiteElo "1276"]
[BlackElo "1451"]

1. d4 d5 2. Nc3 Nf6 3. Nf3 Nc6 4. e3 Bg4 5. h3 Bxf3 6. Qxf3 e6 7. Bd3 a6 8. e4
dxe4 9. Bxe4 Nxd4 10. Qe3 c6 11. O-O Nxc2 12. Bxc2 Bd6 13. Bd2 O-O 14. g4 Nd5
15. Nxd5 cxd5 16. f3 Qh4 17. f4 Rac8 18. Bd3 Bc5 19. Qxc5 Rxc5 20. Be3 Qg3+ 21.
Kh1 Qxe3 22. Rad1 Qxh3+ 23. Kg1 Qxg4+ 24. Kf2 Qxf4+ 25. Ke1 Qe3+ 26. Be2 d4 27.
Rf3 Qg1+ 28. Rf1 Qe3 29. Rd3 Rc1+ 30. Rd1 Qg3+ 31. Rf2 Qg1+ 32. Rf1 Rxd1+ 33.
Bxd1 Qe3+ 34. Be2 d3 35. Rf3 Qxe2# 0-1

[Event "Challenge"]
[Site "http://www.queenalice.com/game.php?id=509085"]
[Date "2008.12.17"]
[Round "-"]
[White "stephancharette"]
[Black "fernandes_igor"]
[Result "0-1"]
[WhiteElo "1459"]
[BlackElo "1260"]

1. Nf3 Nf6 2. g3 d5 3. Bg2 Bg4 4. O-O e6 5. Nc3 Bd6 6. d3 O-O 7. Bf4 Bxf4 8.
gxf4 Bxf3 9. Bxf3 Nc6 10. e3 Nd7 11. e4 f5 12. Kh1 dxe4 13. dxe4 Rf6 14. Rg1 Rh6
15. e5 Qh4 16. Rg2 Qxf4 17. Qg1 Qxf3 18. Qf1 Ncxe5 19. Re1 Qh3 20. Qg1 Nf3 21.
Rxg7+ Kf8 22. Rg8+ Ke7 23. Qg7+ Kd6 24. Rd1+ Kc5 25. Rxa8 Qxh2# 0-1

[Event "Challenge"]
[Site "http://www.queenalice.com/game.php?id=511653"]
[Date "2008.12.23"]
[Round "-"]
[White "fernandes_igor"]
[Black "Iarinha"]
[Result "1-0"]
[WhiteElo "1267"]
[BlackElo "1409"]

1. d4 e6 2. Nf3 Nf6 3. e3 Nc6 4. Bc4 Bb4+ 5. c3 Bd6 6. O-O Ne4 7. a3 Qf6 8. Nbd2
Qg6 9. g3 Ne7 10. Nxe4 Qxe4 11. Nd2 Qc6 12. e4 f6 13. f3 b5 14. Bd3 f5 15. Qe2
fxe4 16. fxe4 e5 17. dxe5 Bxe5 18. Qf2 Rf8 19. Qxf8# 1-0

[Event "XEQUE MATE"]
[Site "http://www.queenalice.com/game.php?id=526319"]
[Date "2009.1.21"]
[Round "2"]
[White "tomaz"]
[Black "fernandes_igor"]
[Result "1-0"]
[WhiteElo "1922"]
[BlackElo "1289"]

1. e4 e5 2. Nf3 Nf6 3. d3 Nc6 4. c3 d6 5. Bg5 Bg4 6. h3 Bxf3 7. Qxf3 h6 8. Bh4
g5 9. Bg3 Bg7 10. Nd2 d5 11. exd5 Nxd5 12. O-O-O Qe7 13. Qxd5 O-O 14. Be2 Rad8
15. Qb5 b6 16. Qxc6 f5 17. f3 f4 18. Bf2 Rf6 19. Qe4 a5 20. d4 Re6 21. Bc4 c5
22. Bxe6+ Qxe6 23. b3 cxd4 24. cxd4 Rc8+ 25. Kb1 b5 26. d5 Qd6 27. Rc1 Ra8 28.
Rc6 Qa3 29. Rhc1 a4 30. Bc5 b4 31. Bxb4 Qxb4 32. Qxb4 a3 33. Rc8+ Rxc8 34. Rxc8+
Kf7 35. Qb6 Bf6 36. Ne4 Be7 37. Qe6+ Kg7 38. Qg8# 1-0

[Event "Challenge"]
[Site "http://www.queenalice.com/game.php?id=563142"]
[Date "2009.3.28"]
[Round "-"]
[White "fernandes_igor"]
[Black "Iarinha"]
[Result "1-0"]
[WhiteElo "1287"]
[BlackElo "1393"]

1. d4 e6 2. Nf3 Nc6 3. e3 Nf6 4. Bd3 d6 5. h3 e5 6. dxe5 dxe5 7. e4 Bc5 8. O-O
O-O 9. c3 h6 10. Qe2 Re8 11. Bc2 Re6 12. Nbd2 Rd6 13. Nc4 Rd7 14. Ncxe5 Qe8 15.
Nxd7 Bxd7 16. Qd3 Nxe4 17. Re1 f5 18. Nd4 Ne5 19. Qe3 Nc4 20. Qf4 Bd6 21. Qh4 g5
22. Qxh6 c5 23. Nf3 g4 24. Ng5 Qe7 25. Nxe4 Bc6 26. Qg6+ Kf8 27. Bh6+ Qg7 28.
Bxg7+ Ke7 29. Nxd6+ Kd7 30. Bxf5+ Kc7 31. Nxc4 Rd8 32. Be5+ Rd6 33. Qxd6# 1-0

[Event "AUTO-INT-1342"]
[Site "http://www.queenalice.com/game.php?id=602077"]
[Date "2009.6.12"]
[Round "1"]
[White "lucianovdemelo"]
[Black "fernandes_igor"]
[Result "0-1"]
[WhiteElo "1083"]
[BlackElo "1324"]

1. d4 d6 2. c4 e6 3. e4 Nf6 4. Nc3 c6 5. Nf3 d5 6. e5 Nfd7 7. Bg5 f6 8. exf6
gxf6 9. Be3 Bd6 10. c5 Be7 0-1

[Event "AUTO-INT-1342"]
[Site "http://www.queenalice.com/game.php?id=602078"]
[Date "2009.6.12"]
[Round "1"]
[White "fernandes_igor"]
[Black "lucianovdemelo"]
[Result "1-0"]
[WhiteElo "1330"]
[BlackElo "1077"]

1. d4 d5 2. Nf3 Nc6 3. e3 Nf6 4. c3 Ne4 5. Qe2 Bg4 6. h3 Bh5 7. g4 Bg6 8. Bg2 e6
9. O-O Bd6 10. Rd1 O-O 11. Nbd2 Qe7 12. Nh2 1-0

[Event "AUTO-INT-1342"]
[Site "http://www.queenalice.com/game.php?id=602093"]
[Date "2009.6.12"]
[Round "1"]
[White "fernandes_igor"]
[Black "SGrillo"]
[Result "0-1"]
[WhiteElo "1333"]
[BlackElo "1788"]

1. d4 d5 2. Nc3 b6 3. e3 Ba6 4. Bd3 Bxd3 5. cxd3 e6 6. Bd2 Bb4 7. Nge2 Nf6 8. h3
O-O 9. a3 Bxc3 10. Bxc3 Nc6 11. O-O a5 12. f3 h6 13. e4 Ne7 14. Ng3 Ng6 15. Bd2
dxe4 16. dxe4 Qxd4+ 17. Kh1 Qxb2 18. Be3 Rad8 19. Rf2 Rxd1+ 20. Rxd1 Qxa3 21.
Nf1 Ne5 22. Ng3 Qxe3 23. Rdf1 Rd8 24. Ne2 Nd3 25. Ng3 Nxf2+ 26. Kh2 Rd1 27. Rxd1
Nxd1 28. Nf1 Qf4+ 0-1

[Event "AUTO-INT-1342"]
[Site "http://www.queenalice.com/game.php?id=602094"]
[Date "2009.6.12"]
[Round "1"]
[White "SGrillo"]
[Black "fernandes_igor"]
[Result "1-0"]
[WhiteElo "1786"]
[BlackElo "1335"]

1. e4 e5 2. Nf3 Nc6 3. Bb5 a6 4. Bxc6 bxc6 5. d3 d6 6. h3 f6 7. O-O Ne7 8. Be3
Be6 9. Nc3 g6 10. Nh2 c5 11. Nf3 Bg7 12. Ne2 Qd7 13. Kh2 f5 14. exf5 Bxf5 15.
Ng3 Bf6 16. Bg5 Bxg5 17. Nxg5 h6 18. Nf3 g5 19. Nxf5 Qxf5 20. Nd2 Ng6 21. g3 h5
22. Ne4 O-O 23. Qxh5 d5 24. Nxc5 Rf7 25. Rae1 e4 26. dxe4 dxe4 27. Nxe4 1-0

[Event "AUTO-INT-1342"]
[Site "http://www.queenalice.com/game.php?id=602095"]
[Date "2009.6.12"]
[Round "1"]
[White "fernandes_igor"]
[Black "Givanildo"]
[Result "1-0"]
[WhiteElo "1317"]
[BlackElo "1505"]

1. d4 e6 2. Nf3 Bb4+ 3. c3 Ba5 4. e3 Nf6 5. b4 Bb6 6. Nbd2 O-O 7. Bd3 d6 8. h3
e5 9. dxe5 dxe5 10. Nxe5 Nc6 11. Nxc6 bxc6 12. g4 g5 13. h4 Bxg4 14. Qc2 Qd5 15.
e4 Qe5 16. hxg5 Qxg5 17. f3 Qf4 18. Rh4 Qg3+ 19. Ke2 Qf2+ 20. Kd1 Qxh4 21. fxg4
Nxg4 22. Nf1 Qh5 23. Ba3 Ne3+ 24. Kd2 Nxc2 25. Kxc2 Rad8 26. Bc4 Qf3 27. Kb3
Qxe4 28. Rc1 Rb8 29. Nd2 Qf4 30. Nf1 Ba5 31. Bb2 Bxb4 32. cxb4 c5 33. a3 a5 34.
Nd2 axb4 35. Rg1+ Qg3+ 36. Rxg3# 1-0

[Event "AUTO-INT-1342"]
[Site "http://www.queenalice.com/game.php?id=602096"]
[Date "2009.6.12"]
[Round "1"]
[White "Givanildo"]
[Black "fernandes_igor"]
[Result "1-0"]
[WhiteElo "1582"]
[BlackElo "1341"]

1. e3 e5 2. Bc4 d5 3. Bb5+ Bd7 4. Nc3 c6 5. Bf1 Bc5 6. b3 Nf6 7. f3 Be6 8. d4
exd4 9. exd4 Bb4 10. a3 Bxc3+ 11. Bd2 Bxa1 12. Qxa1 Nbd7 13. Bg5 O-O 14. Bd3 g6
15. f4 Bf5 16. h4 Bxd3 17. cxd3 Re8+ 18. Kd2 Qe7 19. f5 gxf5 20. h5 Qe6 21. Kc3
b5 22. b4 a5 23. Qc1 axb4+ 24. axb4 Ne4+ 25. dxe4 dxe4 26. Kd2 Ra2+ 27. Ke1 Rea8
28. Qc3 Ra1+ 29. Bc1 e3 30. Nf3 R8a3 31. Qxa3 Rxa3 32. Bxa3 Qa2 33. Bc1 Qf2+ 34.
Kd1 Qxg2 35. Rg1 e2+ 36. Ke1 Qxg1+ 37. Nxg1 Nb6 38. Nxe2 Na4 39. h6 f6 40. Nf4
Nc3 41. Nh5 Kf7 42. Ng7 Kg6 43. Ne6 Nd5 44. Nf8+ Kh5 45. Nxh7 f4 46. Nf8 Kxh6
47. Ne6 Nxb4 48. Bxf4+ Kg6 49. Ke2 Kf5 50. Bd6 Nc2 51. d5 cxd5 52. Ng7+ Kg6 53.
Kd2 Nd4 54. Ne8 f5 55. Kd3 Nc6 56. Nc7 d4 57. Nxb5 Kg5 58. Nxd4 Nb4+ 59. Bxb4 f4
60. Ke4 Kg4 61. Nf3 Kg3 62. Bd6 Kg4 63. Bxf4 Kh3 64. Ng5+ Kg2 65. Ke3 Kf1 66.
Bg3 Kg2 67. Kf4 Kf1 68. Kf3 Kg1 69. Nh3+ Kh1 70. Nf4 Kg1 71. Nd3 Kf1 72. Nc1 Kg1
73. Bf2+ Kh1 74. Be1 Kg1 75. Bf2+ Kh2 76. Ne2 Kh1 77. Ng3+ Kh2 78. Nf1+ Kh3 79.
Ne3 Kh2 80. Bg3+ Kh1 81. Ng4 Kg1 82. Bh4 Kh1 83. Bg3 1-0

[Event "Challenge"]
[Site "http://www.queenalice.com/game.php?id=662724"]
[Date "2009.10.4"]
[Round "-"]
[White "fernandes_igor"]
[Black "Leof"]
[Result "0-1"]
[WhiteElo "1336"]
[BlackElo "1633"]

1. d4 d5 2. e3 e6 3. Nf3 c5 4. c3 c4 5. Be2 b5 6. Nbd2 b4 7. cxb4 Bxb4 8. O-O c3
9. Nb3 Nf6 10. Bd3 Qc7 0-1

[Event "Challenge"]
[Site "http://www.queenalice.com/game.php?id=686955"]
[Date "2009.11.22"]
[Round "-"]
[White "fernandes_igor"]
[Black "FENIX_RJ"]
[Result "0-1"]
[WhiteElo "1332"]
[BlackElo "1444"]

1. d4 Nc6 2. e3 e5 3. Bd3 exd4 4. exd4 Nxd4 5. c3 Ne6 6. Nf3 Bc5 7. Be3 Nf6 8.
Bc4 Be7 9. Nbd2 g5 10. Nd4 d5 11. Bd3 c5 12. Nb5 d4 13. cxd4 Bd7 14. d5 Nf4 15.
Bxf4 gxf4 0-1